00985nam a2200241Ia 450000500170000000800410001702000190005824501300007725000390020730000430024649000280028950500970031765000450041465000510045970000310051070000340054126400330057533600270060833700330063533800280066804000350069608400120073120220317001206.0160825s2006 ck a g 000 0 spa  a9789583001701210aAntologíabpoesía colombiana e hispanoamericanaccompilador Jaime García Mafla ; ilustrado por Natividad Murillo Vargas a1a. edición b8a. reimpresión  a326 páginas bilustraciones c21 cm  aLetras latinoamericanas aPoesía colonial -- Poesía romántica -- Poesía modernista -- Poesía comtemporánea142LEMBaPoesía colombiana vColecciones 142LEMB aPoesía latinoamericana vColecciones 1 aMurillo Vargas, Natividad 1 aGarcía Maffla, Jaimed1944- aBogotábPanamericanac2006 atextobtxt2rdacontent asin mediaciónbn2rdamedia avolumenbnc2rdacarrier aCO-BoRNBPbspaerdacCO-BoRNBP aP ANT13